MARC

LEADER 00000nam0a2200000 4500
001 220501
005 20231101230335.0
010 |a 0194401057 
035 |a (RuTPU)RU\TPU\book\240626 
035 |a RU\TPU\book\240623 
090 |a 220501 
100 |a 20120827d2005 m y0engy50 ba 
101 0 |a eng 
102 |a GB 
105 |a a j 000zy 
200 1 |a Things That Fly  |f R. Northcott 
210 |a Oxford  |c Oxford University Press  |d 2005 
215 |a 34 p.  |c il. 
225 1 |a Dolphin Readers  |h Level 3 
606 1 |a Английский язык  |x Учебные руководства и пособия  |x Для неполной средней и средней школы, для самообразования  |2 stltpush  |3 (RuTPU)RU\TPU\subj\29070  |9 52482 
610 1 |a лексика 
610 1 |a грамматика 
610 1 |a рабочие тетради 
610 1 |a полеты 
610 1 |a упражнения 
686 |a Ш143.21-922  |v LBC/SL-A  |2 rubbk 
700 1 |a Northcott  |b R.  |g Richard 
801 1 |a RU  |b 63413507  |c 20120827 
801 2 |a RU  |b 63413507  |c 20120913  |g RCR 
942 |c BK